000 00628nam a2200217Ia 4500
005 20250508160826.0
008 008 250505s9999 xx 000 0 eng d
037 _aTextual
040 _aFEDL
_beng
_cFEDL
041 _aeng
_2eng
084 _a371.42, BOR
_qFEDL
100 _aBordin Edward S.
_986381
245 0 _aPsychological counseling
250 _a2nd
260 _aNew York, USA
_bAppleton-Century-Crofts
_c1968
300 _axi,472p.
490 _aThe century psychology
650 _aEducational - Guideance and Counseling
_9757599
942 _cTEXL
_h371.42, BOR
999 _c1366831
_d1366831